| 000 | 00919cab a2200241 4500 | ||
|---|---|---|---|
| 001 | ABS48136 | ||
| 008 | 090401t1993 xxu||||| |||| 00| 0 eng d | ||
| 035 | _a(Sirsi) u65175 | ||
| 041 | _aeng | ||
| 245 | _aForecasts for agricultural land prices (1992-1995) | ||
| 260 | _c1993 | ||
| 350 | _a0 | ||
| 490 |
_aFarmland Market _v(39) February 1993, 8-11(4) |
||
| 520 | _aA computer-assisted analysis and forecast of prices based on the Ministry of Agriculture`s "Current agricultural land price series". Though performance in 1992 was worse than predicted, values having fallen by 15%, the market is expected to stabilise in 1993. In real terms, however, the decline is not likely to be reversed until 1995. | ||
| 650 | _aFARMLAND MARKET | ||
| 650 | _aFARMLAND PRICES | ||
| 650 | _aFARMLAND | ||
| 650 | _aFORECASTS | ||
| 650 | _aLAND PRICES | ||
| 690 | _aRURAL PRACTICE | ||
| 942 | _n0 | ||
| 948 | _c04/03/1997 | ||
| 999 |
_c40633 _d40633 |
||